000
00308nam a2200097Ia 4500
008
231207s9999 xx 000 0 und d
082
_a
800
_b
LUK
100
_a
Lukacs, Georg
245
4
_a
The theory of the novel : a historico philosophical essay on the forms of great epic literature
260
_b
The Merlin Press
999
_c
19729
_d
19729